| 000 | 00684nam a22001937a 4500 | ||
|---|---|---|---|
| 999 |
_c195535 _d195535 |
||
| 005 | 20230403103245.0 | ||
| 010 | _aENG-136591 | ||
| 020 |
_a9788188643837 _c800.00 |
||
| 035 | _aEN-120123 | ||
| 037 | _bDBAD/PUB | ||
| 082 | _a954.11 | ||
| 100 | _aPandit,Kashinath | ||
| 245 |
_aBahristan-I-Shahi : _cBy Kashinath Pandit _bA chronicle Of Mediaeval Kashmir / |
||
| 250 | _aFirst | ||
| 260 |
_aDelhi _bAkshaya Prakshan _c2022 |
||
| 270 |
_a208, M.G. House, 2 Community Centre, Wazirpur Industrial Area _bDelhi _e110052 _mharish@akshayaprakashan.com _k011-47021664 _k011-47049292 _k9818452269 |
||
| 300 |
_axliv314p.; _c22cm(hbk) _bindex |
||
| 942 |
_2ddc _cEN _mKAS _h954.11 |
||